Life's Quest / (Record no. 195314)

MARC details
000 -LEADER
fixed length control field 00588nam a22001937a 4500
005 - DATE AND TIME OF LATEST TRANSACTION
control field 20230317115316.0
010 ## - LCCN (DPL NO)
LC control number ENG-136464
020 ## - INTERNATIONAL STANDARD BOOK NUMBER
International Standard Book Number 8188795119
Terms of availability 200.00
035 ## - SYSTEM CONTROL NUMBER
System control number EN-119996
037 ## - SOURCE OF ACQUISITION
Source of stock number/acquisition DBAD/PUB
082 ## - DEWEY DECIMAL CLASSIFICATION NUMBER
Classification number 158.1
100 ## - MAIN ENTRY--PERSONAL NAME
Personal name Nidhi, Sadhvi
245 ## - TITLE STATEMENT
Title Life's Quest /
Statement of responsibility, etc By Sadhvi Nidhi and Sadhvi Kripa
250 ## - EDITION STATEMENT
Edition statement First
260 ## - PUBLICATION, DISTRIBUTION, ETC. (IMPRINT)
Name of publisher, distributor, etc Maitri Charitable Foundation
Place of publication, distribution, etc New Delhi
Date of publication, distribution, etc 2009
270 ## - ADDRESS
Address B117 Okhla, Industrial Area, Phase 1
City New Delhi
Postal code 110021
Telephone number 9313093444
-- 01294083444
300 ## - PHYSICAL DESCRIPTION
Extent 171p.
Dimensions 21cm(hbk)
942 ## - ADDED ENTRY ELEMENTS (KOHA)
Source of classification or shelving scheme Dewey Decimal Classification
Item type English Books
Classification part 158.1
Call number suffix SAD
Holdings
Withdrawn status Lost status Not for loan Collection code Home library Current library Date acquired Source of acquisition Cost, normal purchase price Full call number Barcode Copy number Koha item type
      Non-fiction Katevara Katevara 17/03/2023 DBAD/PUB 200.00 158.1 SAD EN-119996 1 English Books

© Delhi Public Library
Hit Counter
free hit counter